[Event "Croatian junior league 2021"]
[Site "Rabac"]
[Date "2021.04.09"]
[Round "7.17"]
[White "Alfirevic, Duje"]
[Black "Colev, Ivor"]
[Result "1-0"]
[WhiteElo "1996"]
[BlackElo "1847"]
[Annotator "TA"]
[PlyCount "87"]
[EventDate "2021.04.06"]
[EventType "swiss"]
[EventCountry "CRO"]
[SourceTitle "playchess.com"]
[Source "ChessBase"]
[SourceQuality "1"]

{[%evp 17,87,45,51,4,8,-35,-14,-31,9,12,115,122,114,108,117,106,126,87,114,123,128,118,115,129,128,121,118,109,133,7,25,0,0,0,0,0,3,12,101,65,58,0,481,102,267,256,289,202,193,203,662,657,664,665,950,941,926,901,795,694,1495,1464,1989,1985,29989,29990,29990,6283,29987,29988,29983,29984]} 1. e4 c5 2. Nf3 Nc6 3. d4 cxd4 4. Nxd4 e5 5. Nb5 d6 6. N1c3 a6 7. Na3 Be7 8. Be3 b5 9. Nd5 Rb8 $1 10. Be2 {B32: Sicilian: Löwenthal and Kalashnikov Variations.} (10. c4 $5 {[%cal Rc4b5]}) 10... Nf6 11. f3 O-O 12. O-O {The position is equal.} Be6 13. c3 Bxd5 (13... Qd7 $11) 14. exd5 $16 Na5 {[#]} 15. b4 $146 ({Predecessor:} 15. Nc2 Qc8 16. Qd2 Nc4 17. Bxc4 bxc4 18. Nb4 Bd8 19. Rfd1 Bb6 20. Rab1 Kh8 21. Bxb6 Rxb6 {½-½ (62) Zarkovic,M (1829)-Miladinovic,L (1823) Belgrade 2008}) 15... Nb7 16. Qd2 Qd7 17. Rfc1 Rfc8 18. c4 {[%cal Rc4b5]} Nd8 19. cxb5 Rxc1+ 20. Rxc1 axb5 21. Nb1 Ne8 22. Nc3 Nc7 23. f4 (23. Ra1 $16) 23... f5 $11 24. fxe5 dxe5 25. Bc5 {Strongly threatening d6.} Nf7 {aiming for ...Bg5.} 26. Rd1 {Black must now prevent Bxe7.} Nd6 27. Qe3 Re8 (27... Bf6 $1 $11) 28. Qxe5 Nf7 29. Qg3 ({White should play} 29. Qf4 $14 Bd6 30. Qd2) 29... Bf6 $2 {[%mdl 8192]} (29... Bxc5+ $1 $11 {and Black stays safe.} 30. bxc5 b4) 30. Bf1 $2 (30. d6 $18 {and the rest is easy.} Be5 31. dxc7 Qxc7 32. Nxb5 Qxc5+ 33. bxc5 Bxg3 34. Bc4 Re1+ 35. Rxe1 Bxe1 36. c6) 30... f4 $2 {Black cannot hold the game after this.} (30... Be5 $16 {is a better defense.} 31. Qf3 Kh8) 31. Qd3 $18 Ne5 32. Qh3 Qxh3 33. gxh3 Nc4 $2 {[#]} (33... Ra8 34. d6 (34. Nxb5 Rxa2 35. Bc4 Nf3+ 36. Kf1 Nxh2+ 37. Kg1 Nf3+ 38. Kf1 Nh2+ 39. Kg1 Nf3+ 40. Kf1 Nh2+ $11) 34... Ne6 35. Bxb5 Ra3) 34. Nxb5 $1 {[%mdl 576] Remove Defender} Nxb5 35. Bxc4 Nc3 36. d6+ Kh8 {[#]} 37. d7 $1 {[%cal Rd7e8][%mdl 512]} Rd8 38. Rd3 f3 39. Bb6 Ne2+ 40. Kf1 Nf4 41. Bxd8 Bxd8 42. Rxf3 (42. Re3 $142 g6 43. Re8+ {[%mdl 64] Double Attack} Kg7 44. Rxd8 Kh6 45. Re8 Nxh3 46. d8=Q Kh5 47. Re5+ g5 48. Qf8 Kh4 49. Qxf3 h6 50. Qg3+ Kh5 51. Bf7#) 42... Ng6 43. Re3 Ne7 44. b5 {Weighted Error Value: White=0.47/Black=0.92} 1-0

[Event "Croatian junior league 2021"]
[Site "Rabac"]
[Date "2021.04.09"]
[Round "7.18"]
[White "Perko, Bartol"]
[Black "Vucenovic, Damian"]
[Result "0-1"]
[WhiteElo "1766"]
[BlackElo "2008"]
[Annotator "TA"]
[PlyCount "110"]
[EventDate "2021.04.06"]
[EventType "swiss"]
[EventCountry "CRO"]
[SourceTitle "playchess.com"]
[Source "ChessBase"]
[SourceQuality "1"]

{[%evp 12,110,4,-10,0,-5,0,-14,41,-12,0,-6,0,-6,0,0,18,18,18,22,30,25,32,25,25,26,18,21,31,10,16,27,40,22,51,36,36,32,41,20,21,24,28,20,24,22,27,25,37,21,43,45,47,11,70,54,59,45,52,19,17,0,16,0,0,0,68,6,13,0,0,0,0,-158,0,0,0,0,0,0,0,0,151,156,592,0,797,0,0,0,0,0,0,-29993,-29994,-29994,-29995,-29997,-29997,-29997,-29998]} 1. c4 e6 2. Nc3 d5 3. cxd5 exd5 4. d4 Nf6 5. Nf3 c6 6. Bf4 Bd6 {6...Bf5 might become the main line.} 7. Bg3 O-O {D35: Queen's Gambit Declined: Exchange Variation.} 8. e3 Bg4 9. Be2 Ne4 {[#]} (9... Bxg3 $11 10. hxg3 Nbd7) 10. Bxd6 $146 (10. Nxe4 $14 dxe4 11. Nd2 Bxe2 12. Kxe2) ({Predecessor:} 10. O-O Nxg3 11. hxg3 Nd7 12. a3 Nf6 13. b4 a6 14. Rb1 Qe7 15. Nd2 Bf5 16. Rb3 {½-½ (47) Mader,M (2132)-Duppel,T (2250) Germany 2009}) 10... Qxd6 11. Ne5 Bxe2 12. Qxe2 f5 13. f4 Nd7 14. Nxe4 fxe4 15. O-O Rac8 16. Rac1 Qe6 17. b4 Qe7 18. Nxd7 (18. Qd2 {with more complications.} a6 19. Qc3 Ra8 20. a4 Rfd8 21. Qb3) 18... Qxd7 19. Rc5 Qd6 20. a3 Rc7 21. Rfc1 Rfc8 22. R5c3 b6 23. Qc2 h5 24. h4 Qf6 25. g3 Qf5 26. Kh2 Qg4 27. Qg2 Kf7 28. Qa2 Ke7 29. a4 Kd7 30. R1c2 (30. a5 {is interesting.} Ke7 31. Ra3 g6 32. axb6 axb6 33. Ra6) 30... Qe6 31. a5 Qd6 32. Qa3 bxa5 (32... Rb8 $11) 33. Qxa5 $14 ({Don't play} 33. bxa5 Qxa3 34. Rxa3 c5 $11) 33... Rb8 34. Rc5 Rb6 35. Qa4 {Black should prevent b5.} (35. b5 {looks sharper.} Rxb5 36. Rxb5 cxb5 37. Qxb5+ Ke7 38. Rxc7+ Qxc7 39. Qxd5 Qc2+ 40. Kh3) 35... Rcb7 36. Rb2 a6 37. Kh3 Ke7 38. Kg2 Qc7 (38... Qd7 $11) 39. Qa3 (39. Qd1 $14) 39... Kf7 $11 40. Rbc2 Qd7 41. Rb2 Qg4 42. Rc3 $2 ({White should play} 42. Qc3 $11) 42... Qf3+ $2 (42... c5 $1 $17 {Threatens to win with ...Rg6!} 43. Rxc5 Rg6) 43. Kh2 Qf1 44. Rc5 a5 45. Rxa5 Kg6 46. Qc3 Kf5 $2 {[#]} (46... Rxb4 $11 47. Rxb4 Qf2+ 48. Kh3 Qf1+ 49. Kh2 Qf2+ 50. Kh3 Qf1+ 51. Kh2) 47. Raa2 $1 $16 Kg4 $2 (47... Qc4 $16 48. g4+ Kf6) 48. Qa3 $2 (48. Rg2 $18 Qb5 49. Qe1) 48... g5 $2 {[%mdl 8192]} (48... Qd3 $11 49. Qa8 Rb8) 49. hxg5 $2 ({White must play} 49. Rg2 $18 Qd3 50. Qc1) 49... h4 $36 {[%mdl 2048] Black is more active.} 50. gxh4 {Rg2+ is the strong threat.} Rh7 $1 {[%cal Bb7h7,Bh7h4,Bh4g4][%mdl 32]} 51. Rg2+ Kf5 52. Raf2 $2 {[%mdl 8192]} (52. Qa8 $11 Rxh4+ 53. Kg3 Rg4+ 54. Kh2 Rh4+ 55. Kg3 Rg4+ 56. Kh2 Rh4+) 52... Rxh4+ {Black mates.} 53. Kg3 Rg4+ 54. Kh3 {[#]} Rb7 $1 {[%cal Rb7h7][%mdl 512]} 55. g6 Rxg6 {[%cal Rb7h7] Weighted Error Value: White=0.51/Black=0.36} 0-1

[Event "Croatian junior league 2021"]
[Site "Rabac"]
[Date "2021.04.09"]
[Round "7.19"]
[White "Sagovac, Kristijan"]
[Black "Poljan, Max"]
[Result "1-0"]
[WhiteElo "1920"]
[BlackElo "1573"]
[Annotator "TA"]
[PlyCount "95"]
[EventDate "2021.04.06"]
[EventType "swiss"]
[EventCountry "CRO"]
[SourceTitle "playchess.com"]
[Source "ChessBase"]
[SourceQuality "1"]

{[%evp 14,95,4,4,30,18,44,20,139,139,111,62,61,61,61,61,59,58,89,97,83,14,107,62,85,84,84,92,88,88,81,74,75,63,89,71,74,71,73,66,70,70,77,77,75,77,113,113,111,111,113,78,83,81,79,83,106,110,177,104,175,106,137,83,78,94,63,0,0,0,9,-73,375,347,589,589,581,577,558,518,546,532,502,502]} 1. e4 c5 2. Nf3 e6 3. d4 cxd4 4. Nxd4 Nf6 5. Nc3 Nc6 6. Nxc6 bxc6 7. Bd3 d5 8. O-O h6 {B45: Sicilian Four Knights.} 9. Qe2 Bc5 {[#]} 10. Na4 $146 ({Predecessor:} 10. e5 Nd7 11. Bf4 Qa5 12. Rfe1 Rb8 13. Bd2 Qc7 14. Kh1 Bd4 15. f4 g5 16. Nd1 gxf4 17. Bxf4 Bxb2 18. Nxb2 Rxb2 {1-0 (36) Louis,J (2080)-Cruz Alvarez de Ron,D Santiago 1995}) 10... Qa5 (10... Be7 $11) 11. Nxc5 $16 Qxc5 12. c3 dxe4 13. Bxe4 Nxe4 14. Qxe4 O-O 15. Rd1 Ba6 16. Be3 Qb5 17. Qg4 (17. b3 $16) 17... Kh7 (17... Qxb2 $11 18. Bd4 e5 19. Bxe5 f6) 18. Bd4 {[%csl Gd4][%cal Rg4g7]} (18. b3 {is interesting.} Rfd8 19. c4 Qe5 20. Bd4 h5 21. Qh4) 18... e5 19. Qe4+ Kg8 20. Qxe5 Qxe5 21. Bxe5 Rfe8 22. Bd4 Be2 23. Re1 a6 24. Be3 Bg4 25. h3 Be6 26. a4 Bb3 27. a5 Rac8 28. Ra3 Rb8 29. Rc1 Red8 30. Bb6 Rd1+ 31. Rxd1 Bxd1 {[%mdl 4096] Endgame KRB-KRB} 32. b4 Re8 33. Ra1 Bb3 34. Rb1 Bc4 35. Rd1 Bd5 (35... f6 $16 36. Kh2 Kf7 37. Rd7+ Re7) 36. Be3 ({White should try} 36. b5 $18 axb5 37. a6) 36... f5 (36... Re5 $16 37. Bc5 g5) 37. h4 ({Better is} 37. b5 $18 axb5 38. a6) 37... Re4 {[#]} 38. g3 (38. b5 $142 $1 {[%cal Rb5a6]} axb5 39. Bd4) 38... Kf7 39. b5 axb5 40. a6 ({White should play} 40. Bd4 $1 $14) 40... Ra4 $11 41. a7 Ke6 42. Bc5 {[#]} (42. f3 $11 {remains equal.}) 42... Kd7 $2 {[%mdl 8192] Black cannot hold the game after this.} (42... Bf3 $1 $17 {[%cal Rf3d1] stays on course.} 43. Re1+ Kd5) 43. Re1 $18 Be4 $2 (43... Bf3 44. Kh2 Kd8) 44. f3 {[%mdl 64] Promotion. White is clearly winning.} Bxf3 {Black hopes to continue with ...Be4.} 45. Re7+ {[%mdl 64] Double Attack} Kc8 46. Re8+ Kb7 47. Rb8+ Kc7 48. a8=Q {[%csl Ga8][%cal Rb8b7] Weighted Error Value: White=0.21/Black=0.49} 1-0

[Event "Croatian junior league 2021"]
[Site "Rabac"]
[Date "2021.04.09"]
[Round "7.20"]
[White "Hergotic, Mihael"]
[Black "Martic, Filip"]
[Result "0-1"]
[WhiteElo "1476"]
[BlackElo "1756"]
[Annotator "NA RC"]
[PlyCount "134"]
[EventDate "2021.04.06"]
[EventType "swiss"]
[EventCountry "CRO"]
[SourceTitle "playchess.com"]
[Source "ChessBase"]
[SourceQuality "1"]
[TimeControl "5400+30"]

1. e4 {[%emt 0:00:00]} c5 {[%emt 0:00:00]} 2. Nc3 {[%emt 0:00:07]} g6 {[%emt 0:00:53]} 3. f4 {[%emt 0:00:49]} Bg7 {[%emt 0:00:13]} 4. Nf3 {[%emt 0:00:24]} Nc6 {[%emt 0:02:03]} 5. Bc4 {[%emt 0:00:37]} e6 {[%emt 0:01:17]} 6. O-O {[%emt 0:00:45]} Nge7 {[%emt 0:00:55]} 7. d3 {[%emt 0:00:40]} O-O {[%emt 0:03:47]} 8. Qe1 {[%emt 0:01:33]} d5 {[%emt 0:03:11]} 9. Bb3 {[%emt 0:00:34]} Nd4 {[%emt 0:07:00]} 10. Nxd4 {[%emt 0:03:49]} cxd4 {[%emt 0:05:23]} 11. Ne2 {[%emt 0:06:32]} dxe4 {[%emt 0:01:05]} 12. dxe4 {[%emt 0:00:05]} b6 {[%emt 0:08:56]} 13. Bd2 {[%emt 0:08:54]} Ba6 {[%emt 0:04:18]} 14. Bb4 {[%emt 0:09:57]} Qc7 {[%emt 0:05:59]} 15. e5 {[%emt 0:06:13]} Rfd8 {[%emt 0:05:36]} 16. Bd6 {[%emt 0:01:32]} Qb7 {[%emt 0:04:15]} 17. g4 {[%emt 0:11:26]} Nc8 {[%emt 0:11:17]} 18. Bb4 {[%emt 0:00:03]} Bxe2 {[%emt 0:01:08]} 19. Qxe2 {[%emt 0:00:16]} a5 {[%emt 0:00:14]} 20. Be1 {[%emt 0:00:44]} Ne7 {[%emt 0:00:50]} 21. Bh4 {[%emt 0:00:08]} Rd7 {[%emt 0:03:41]} 22. Qf3 {[%emt 0:05:47]} Nd5 {[%emt 0:04:38]} 23. Rfd1 {[%emt 0:06:12]} Bf8 {[%emt 0:04:30]} 24. Bf2 {[%emt 0:02:37]} Ne3 {[%emt 0:02:28]} 25. Qxb7 {[%emt 0:00:17]} Rxb7 {[%emt 0:00:00]} 26. Bxe3 {[%emt 0:02:30]} dxe3 {[%emt 0:00:01]} 27. Kf1 {[%emt 0:00:17]} a4 {[%emt 0:02:13]} 28. Bc4 {[%emt 0:00:04]} b5 {[%emt 0:01:30]} 29. Be2 {[%emt 0:00:48]} Rc8 {[%emt 0:00:19]} 30. c3 {[%emt 0:01:11]} a3 {[%emt 0:00:36]} 31. bxa3 {[%emt 0:01:41]} Rxc3 {[%emt 0:00:31]} 32. Rd3 {[%emt 0:00:08]} Rxd3 {[%emt 0:00:29]} 33. Bxd3 {[%emt 0:00:03]} Bxa3 {[%emt 0:00:02]} 34. Rb1 {[%emt 0:00:18]} Rd7 {[%emt 0:02:09]} 35. Ke2 {[%emt 0:00:27]} Rd4 {[%emt 0:03:24]} 36. Kxe3 {[%emt 0:01:16]} Bc5 {[%emt 0:00:06]} 37. Rxb5 {[%emt 0:02:40]} Ba7 {[%emt 0:00:16]} 38. Rb8+ {[%emt 0:03:46]} Kg7 {[%emt 0:00:30]} 39. Ra8 {[%emt 0:00:02]} Ra4+ {[%emt 0:00:56]} 40. Kf3 {[%emt 0:00:03]} Rxa2 {[%emt 0:00:16]} 41. h3 {[%emt 0:00:45]} Rf2+ {[%emt 0:01:07]} 42. Kg3 {[%emt 0:02:00]} Be3 {[%emt 0:00:42]} 43. Ra4 {[%emt 0:00:52]} Rd2 {[%emt 0:00:48]} 44. Be4 {[%emt 0:04:42]} Bf2+ {[%emt 0:02:48]} 45. Kf3 {[%emt 0:01:19]} Bh4 {[%emt 0:00:25]} 46. g5 {[%emt 0:05:17]} h6 {[%emt 0:02:03]} 47. gxh6+ {[%emt 0:01:54]} Kxh6 {[%emt 0:00:02]} 48. Kg4 {[%emt 0:00:02]} Bf2 {[%emt 0:00:47]} 49. Rc4 {[%emt 0:02:36]} Be1 {[%emt 0:01:50]} 50. Ra4 {[%emt 0:01:46]} Rb2 {[%emt 0:00:19]} 51. Ra3 {[%emt 0:00:39]} Rb4 {[%emt 0:00:17]} 52. Kf3 {[%emt 0:00:13]} Bh4 {[%emt 0:00:28]} 53. Rd3 {[%emt 0:01:27]} g5 {[%emt 0:00:17]} 54. fxg5+ {[%emt 0:00:25]} Bxg5 {[%emt 0:00:02]} 55. Ra3 {[%emt 0:01:05]} Kg7 {[%emt 0:00:46]} 56. Bc2 {[%emt 0:00:54]} Rb5 {[%emt 0:00:45]} 57. Ke4 {[%emt 0:00:16]} Bc1 {[%emt 0:00:51]} 58. Rd3 {[%emt 0:00:45]} Bb2 {[%emt 0:00:12]} 59. Rg3+ {[%emt 0:00:14]} Kh6 {[%emt 0:00:21]} 60. Rb3 {[%emt 0:01:14]} Rxe5+ {[%emt 0:00:22]} 61. Kf4 {[%emt 0:00:01]} Bd4 {[%emt 0:00:33]} 62. Rd3 {[%emt 0:00:07]} Rf5+ {[%emt 0:00:43]} 63. Kg4 {[%emt 0:00:02]} Be5 {[%emt 0:00:38]} 64. Re3 {[%emt 0:01:42]} Rg5+ {[%emt 0:03:03]} 65. Kh4 {[%emt 0:00:02]} Bf6 {[%emt 0:00:14]} 66. Rf3 {[%emt 0:00:23]} Rg6+ {[%emt 0:00:24]} 67. Rxf6 {[%emt 0:00:41]} Rxf6 {[%emt 0:00:02]} 0-1

[Event "Croatian junior league 2021"]
[Site "Rabac"]
[Date "2021.04.09"]
[Round "7.21"]
[White "Kovac, Petar"]
[Black "Levacic, Matej"]
[Result "1/2-1/2"]
[WhiteElo "2089"]
[BlackElo "2144"]
[Annotator "TA"]
[PlyCount "129"]
[EventDate "2021.04.06"]
[EventType "swiss"]
[EventCountry "CRO"]
[SourceTitle "playchess.com"]
[Source "ChessBase"]
[SourceQuality "1"]

{[%evp 21,129,14,17,17,12,12,12,12,10,10,13,5,6,0,7,0,-8,-12,85,79,81,0,0,0,-7,0,0,-18,0,0,0,0,79,0,0,0,0,2,84,0,0,0,0,0,0,0,0,0,0,0,0,0,0,0,0,-12,-12,-12,-12,-12,0,-12,-12,-19,-12,-19,-12,-12,-12,-19,-19,-19,-19,-19,-19,-19,-19,-19,-19,-19,-19,-19,-19,-19,0,-19,0,0,8,0,0,0,0,0,0,0,0,0,0,0,0,0,0,0,0,0,0,0,0,0]} 1. d4 Nf6 2. c4 e6 3. Nf3 d5 4. g3 Bb4+ 5. Bd2 Be7 6. Bg2 O-O 7. Qc2 Nbd7 8. O-O c6 9. Rd1 b6 10. Bf4 Bb7 11. Nc3 dxc4 12. Nd2 {E08: Closed Catalan: Main Line: 7 Qc2.} Nd5 13. Nxc4 Nxf4 14. gxf4 Qc7 15. e3 Rac8 16. Rac1 Rfd8 17. a4 a6 18. Qb3 b5 19. Ne5 {[%cal Ra4b5] [#]} Qb6 $146 (19... c5 $11 {keeps the balance.}) ({Predecessor:} 19... Nxe5 20. fxe5 c5 21. Bxb7 Qxb7 22. axb5 cxd4 23. exd4 Bg5 24. Ra1 axb5 25. Qxb5 Qxb5 26. Nxb5 {½-½ (37) Stupak,K (2567)-Grachev,B (2673) Moscow 2015}) 20. Nxd7 Rxd7 21. axb5 ({White should play} 21. Ne4 $16) 21... cxb5 $11 22. Na4 Qd8 23. Nc5 Bxg2 24. Kxg2 Bxc5 25. dxc5 Rxd1 26. Qxd1 {[%mdl 4096] Endgame KQR-KQR} Qc7 (26... Qxd1 $11 27. Rxd1 a5) 27. b4 (27. c6 $16) 27... a5 28. bxa5 Qxa5 29. Qd7 Qd8 (29... Qa8+ $1 $11 {remains equal.} 30. c6 h5) 30. Qxd8+ ({Better is} 30. c6 $16 Kf8 31. Qb7) 30... Rxd8 $16 {KR-KR. The position is equal.} 31. Rb1 Rb8 $1 32. c6 Kf8 33. c7 (33. Kf3 {looks sharper.} Rc8 34. Rxb5 Rxc6 35. Kg3 Ke7 36. Rb7+) 33... Rc8 34. Rxb5 {[#] And now Rb8! would win.} Rxc7 35. Kg3 g6 36. e4 Kg7 37. Rb3 Rc4 38. f3 Rc1 39. Rb7 Rc2 40. Rb5 Kf6 41. e5+ Kg7 42. Rb7 Rc8 43. Ra7 Re8 44. Rb7 Kf8 45. h4 h5 46. Kf2 Ra8 47. Rb2 Ra1 48. Kg2 Kg7 49. Rc2 Ra7 50. Rc3 Kf8 51. Rb3 Ke7 52. Kg3 Kd7 53. Rd3+ Kc7 54. Rc3+ Kb6 55. Rc8 Rd7 56. Kf2 Rc7 57. Rxc7 Kxc7 $11 {KP-KP} 58. Ke3 Kc6 59. Kd4 Kb5 60. Kc3 Kc5 61. Kd3 Kd5 62. Ke3 Kc5 63. Kd3 Kd5 64. Ke3 Kc4 {[#] White must now prevent ...Kc3.} 65. Ke4 {Weighted Error Value: White=0.10/Black=0.11} 1/2-1/2

[Event "Croatian junior league 2021"]
[Site "Rabac"]
[Date "2021.04.09"]
[Round "7.22"]
[White "Ljubicic, Mario"]
[Black "Stjepic, Borna"]
[Result "0-1"]
[WhiteElo "2036"]
[BlackElo "1825"]
[Annotator "TA"]
[PlyCount "94"]
[EventDate "2021.04.06"]
[EventType "swiss"]
[EventCountry "CRO"]
[SourceTitle "playchess.com"]
[Source "ChessBase"]
[SourceQuality "1"]

{[%evp 16,94,12,12,14,26,19,-3,16,-14,0,0,-15,-35,-2,-12,-7,-16,-3,-41,-29,-14,0,-89,-48,-28,-9,-34,-57,-66,-58,-82,-58,-66,-56,-91,-80,-76,-72,-122,-130,-141,-74,-123,-100,-130,-130,-242,-107,-325,-112,-490,-140,-351,-331,-388,-359,-878,-872,-2329,-2141,-1821,-1817,-2266,-874,-867,-874,-867,-868,-867,-867,-854,-850,-817,-809,-851,-834,-29983,-29984,-29984,-29985]} 1. e4 c5 2. Nf3 d6 3. d4 cxd4 4. Nxd4 Nf6 5. Nc3 a6 6. Bg5 e6 7. f4 h6 8. Bh4 Qb6 9. a3 Be7 {B96: Sicilian Najdorf: 6 Bg5 e6 7 f4, lines other than 7...Qb6 and 7...Be7.} ({Don't blunder} 9... Qxb2 $2 10. Na4 $18) 10. Bf2 Qc7 11. Be2 b5 {The position is equal.} 12. O-O Bb7 13. Bf3 Nbd7 {[%cal Bb8d7,Bd7b6,Bb6c4][%mdl 32]} 14. Qd2 {[#]} O-O $146 ({Predecessor:} 14... Nb6 15. Rae1 Nc4 16. Qc1 Nxa3 17. e5 Bxf3 18. gxf3 dxe5 19. fxe5 Nd7 20. Nd5 exd5 {0-1 (68) Boabaid,J (1823)-Caetano,R (1985) Florianopolis 2017}) 15. Rfe1 Rac8 16. Rad1 Rfd8 17. h3 Nb6 18. Qc1 Nc4 19. Nb1 (19. Rd3 $1 $11) 19... Nd7 20. Nd2 Ndb6 21. b3 Nxd2 22. Rxd2 Nd7 23. h4 Nc5 24. Qd1 e5 25. fxe5 dxe5 26. Nf5 Bf8 27. Rxd8 Rxd8 28. Qa1 Rd2 (28... g6 $142 29. Ng3 h5) 29. Bg3 Nd7 30. Ne3 Bc5 $36 {[%mdl 2048] aiming for ...f5. Black is really pushing.} 31. c4 (31. Kh2 $17) 31... Qd6 (31... Rd3 $19 {is more deadly.} 32. Bf2 Rxb3 33. cxb5 axb5) 32. cxb5 $2 (32. Kh1 $17 {was worth a try.}) 32... axb5 $2 (32... Qd3 $19 33. Bf2 Rxf2 $1 {[%mdl 576] Clearance} 34. Kxf2 Qd2+ 35. Re2 Bxe3+ 36. Kg3 Bf4+ 37. Kf2 Be3+ 38. Kg3 Bf4+ 39. Kf2 Be3+) 33. Bf2 {[%mdl 8192] [#]} (33. b4 $17 Bd4 34. Qc1) 33... Qd3 $2 (33... Rxf2 $1 $19 {[%mdl 512] and Black stays clearly on top.} 34. Kxf2 Qd2+ 35. Kg3 Bxe3) 34. b4 $2 (34. Ng4 $17 {was necessary.}) 34... Bd4 $19 35. Qc1 Nf6 36. Qc7 $2 (36. Qb1 Qxa3 37. Nd1) 36... Bxe4 37. Bxe4 Qxe4 ({Inferior is} 37... Nxe4 38. Qc8+ Kh7 39. Qf5+ Kh8 40. Qc8+ Kh7 41. Qf5+ Kh8 42. Qc8+ Kh7 $11) 38. Qc8+ Kh7 39. Qh3 {[#]} Nd5 (39... Rxf2 $142 $1 {[%mdl 512]} 40. a4 (40. Kxf2 Ng4+) 40... Rd2) 40. Qf3 Qxf3 41. gxf3 Nf4 42. Kf1 {[#]} Rxf2+ $1 {[%mdl 576] Decoy} 43. Kxf2 Nd3+ {[%mdl 64] Double Attack} 44. Ke2 Nxe1 45. Nd5 Nc2 46. a4 bxa4 {[%cal Bb5a4,Ba4a3][%mdl 32]} 47. Kd3 {[#]} a3 $1 {Weighted Error Value: White=1.03/Black=0.44} 0-1

[Event "Croatian junior league 2021"]
[Site "Rabac"]
[Date "2021.04.09"]
[Round "7.23"]
[White "Vukojevic, Toni"]
[Black "Mijic, Karlo"]
[Result "1-0"]
[WhiteElo "1538"]
[BlackElo "1599"]
[Annotator "NA RC"]
[PlyCount "101"]
[EventDate "2021.04.06"]
[EventType "swiss"]
[EventCountry "CRO"]
[SourceTitle "playchess.com"]
[Source "ChessBase"]
[SourceQuality "1"]
[TimeControl "5400+30"]

1. e4 {[%emt 0:00:00]} e5 {[%emt 0:01:22]} 2. Nf3 {[%emt 0:00:00]} Nc6 {[%emt 0:00:04]} 3. Bb5 {[%emt 0:00:00]} a6 {[%emt 0:00:05]} 4. Ba4 {[%emt 0:00:00]} Nf6 {[%emt 0:00:05]} 5. d3 {[%emt 0:00:02]} b5 {[%emt 0:01:30]} 6. Bb3 {[%emt 0:00:06]} Bc5 {[%emt 0:00:08]} 7. O-O {[%emt 0:00:30]} O-O {[%emt 0:00:04]} 8. Be3 {[%emt 0:00:22]} Ba7 {[%emt 0:00:18]} 9. c3 {[%emt 0:00:15]} h6 {[%emt 0:01:00]} 10. Nbd2 {[%emt 0:00:37]} Re8 {[%emt 0:00:11]} 11. Re1 {[%emt 0:00:14]} Bb7 {[%emt 0:00:09]} 12. h3 {[%emt 0:00:40]} Bxe3 {[%emt 0:03:39]} 13. fxe3 {[%emt 0:00:15]} d6 {[%emt 0:02:01]} 14. Nf1 {[%emt 0:01:43]} Qd7 {[%emt 0:04:53]} 15. Ng3 {[%emt 0:00:58]} Rad8 {[%emt 0:00:13]} 16. Nh4 {[%emt 0:00:39]} Ne7 {[%emt 0:01:18]} 17. Nhf5 {[%emt 0:00:25]} Nxf5 {[%emt 0:00:59]} 18. Nxf5 {[%emt 0:00:05]} d5 {[%emt 0:00:11]} 19. Rf1 {[%emt 0:01:33]} dxe4 {[%emt 0:00:09]} 20. Nxh6+ {[%emt 0:00:07]} gxh6 {[%emt 0:05:27]} 21. Rxf6 {[%emt 0:00:06]} Bd5 {[%emt 0:18:47]} 22. Bxd5 {[%emt 0:02:36]} Qxd5 {[%emt 0:00:09]} 23. Qg4+ {[%emt 0:00:05]} Kf8 {[%emt 0:00:35]} 24. dxe4 {[%emt 0:01:33]} Qc5 {[%emt 0:00:15]} 25. Qf3 {[%emt 0:00:26]} Rd6 {[%emt 0:04:32]} 26. Rxf7+ {[%emt 0:00:30]} Kg8 {[%emt 0:00:02]} 27. Rf1 {[%emt 0:01:05]} Rg6 {[%emt 0:00:50]} 28. Kh1 {[%emt 0:04:24]} Qd6 {[%emt 0:01:48]} 29. Rf6 {[%emt 0:00:31]} Rxf6 {[%emt 0:02:54]} 30. Qxf6 {[%emt 0:00:06]} Re6 {[%emt 0:00:11]} 31. Qf7+ {[%emt 0:01:26]} Kh8 {[%emt 0:00:38]} 32. Qf8+ {[%emt 0:02:29]} Qxf8 {[%emt 0:00:03]} 33. Rxf8+ {[%emt 0:00:05]} Kg7 {[%emt 0:00:03]} 34. Rd8 {[%emt 0:00:06]} c5 {[%emt 0:00:55]} 35. Rd5 {[%emt 0:01:04]} c4 {[%emt 0:00:04]} 36. Kg1 {[%emt 0:00:17]} Kf6 {[%emt 0:00:04]} 37. Kf2 {[%emt 0:00:06]} h5 {[%emt 0:00:30]} 38. Kg3 {[%emt 0:00:44]} Kg5 {[%emt 0:00:04]} 39. h4+ {[%emt 0:00:23]} Kf6 {[%emt 0:00:06]} 40. Rd8 {[%emt 0:00:09]} Rb6 {[%emt 0:01:28]} 41. Rh8 {[%emt 0:00:40]} Rd6 {[%emt 0:00:13]} 42. Rh6+ {[%emt 0:00:14]} Ke7 {[%emt 0:00:04]} 43. Rxd6 {[%emt 0:00:06]} Kxd6 {[%emt 0:00:05]} 44. Kf3 {[%emt 0:00:05]} a5 {[%emt 0:00:09]} 45. g4 {[%emt 0:00:07]} b4 {[%emt 0:01:01]} 46. gxh5 {[%emt 0:00:08]} Ke6 {[%emt 0:00:03]} 47. Kg4 {[%emt 0:00:18]} Kf6 {[%emt 0:00:21]} 48. h6 {[%emt 0:00:07]} Kg6 {[%emt 0:00:04]} 49. h7 {[%emt 0:00:05]} Kxh7 {[%emt 0:00:03]} 50. Kf5 {[%emt 0:00:04]} b3 {[%emt 0:00:29]} 51. a3 {[%emt 0:00:12]} 1-0